00635nam a22001817a 4500003000500000005001700005008004100022010001000063011001000073035001000083040000900093100003200102245009400134490008000228700003900308830008000347852002600427CHAP20220329141059.0971013s r 00010 d a62310 a63282 a67458 cCHAP00aEspinosa Garduño, Judith. aListado florístico del estado de Michoacánb: sección II (Angiospermae: Compositae) aFlora del Bajío y de Regiones Adyacentes. Fascículo complementariov; 70 aRodríguez Jiménez, L. Socorro.0 aFlora del Bajío y de Regiones Adyacentes. Fascículo complementariov; 7 2yISSUEd2012-12-17503